| 000 | 00626nam a22001577a 4500 | ||
|---|---|---|---|
| 005 | 20251108165518.0 | ||
| 008 | 250721s1919 xx 000 0 ara d | ||
| 082 | 1 | 4 | _aم/189/عرب |
| 100 | 1 | _aإبن العربي، محي الدين | |
| 245 | 1 | 0 |
_aكتاب إنشاء الدوائر و يليه كتاب عقله المستوفز و كتاب التدبيرات الإلهيه في إصلاح المملكة الإنسانية : _bعربي - إنجليزي / |
| 264 | 1 |
_aليدن : _bمطبعة بريل، _c1919. |
|
| 300 | _a340ص | ||
| 650 | 1 | 7 | _aالفلسفة الإسلامية |
| 942 |
_2ddc _cREF |
||
| 999 |
_c29649 _d29649 |
||